书目信息 |
| 题名: |
伏牛山大型真菌资源开发利用研究
|
|
| 作者: | 鲁铁 著 | |
| 分册: | ||
| 出版信息: | 长春 吉林大学出版社 2020.11 |
|
| 页数: | 144页 | |
| 开本: | 20cm | |
| 丛书名: | ||
| 单 册: | ||
| 中图分类: | S567.324 | |
| 科图分类: | ||
| 主题词: | 经济作物 | |
| 电子资源: | ||
| ISBN: | 978-7-5692-7775-3 | |
| 000 | 00584nam0 2200193 45 | |
| 001 | 2130053956 | |
| 005 | 20210407082540.89 | |
| 010 | @a978-7-5692-7775-3@dRMB 39.00 | |
| 100 | @a20210407d2020 km y0chiy0120 ea | |
| 101 | 0 | @achi |
| 102 | @aCN@b220000 | |
| 200 | 1 | @a伏牛山大型真菌资源开发利用研究@Afu niu shan da xing zhen jun zi yuan kai fa li yong yan jiu@f鲁铁著@Flu tie zhu |
| 210 | @a长春@c吉林大学出版社@d2020.11 | |
| 215 | @a144页@d20cm | |
| 606 | 0 | @a经济作物 |
| 690 | @aS567.324@v4 | |
| 701 | 0 | @a鲁铁@Alu tie@4著 |
| 801 | 0 | @aCN@bPFT@c20210407 |
| 905 | @a10447@dS567.324@eL819 | |
| 伏牛山大型真菌资源开发利用研究/鲁铁著.-长春:吉林大学出版社,2020.11 |
| 144页;20cm |
| ISBN 978-7-5692-7775-3:RMB 39.00 |
| ● |
| 相关链接 |
|
|
|
正题名:伏牛山大型真菌资源开发利用研究
索取号:S567.324/L819
 
预约/预借
| 序号 | 登录号 | 条形码 | 馆藏地/架位号 | 状态 | 备注 |
| 1 | 1504911 | 215049114 | 自科库401/401自科库 67排6列1层/ [索取号:S567.324/L819] | 在馆 | |
| 2 | 1504912 | 215049123 | 自科库401/401自科库 67排6列1层/ [索取号:S567.324/L819] | 在馆 | |
| 3 | 1504913 | 215049132 | 自科库401/401自科库 67排6列1层/ [索取号:S567.324/L819] | 在馆 | |
| 4 | 1504914 | 215049141 | 自科库401/401自科库 67排6列1层/ [索取号:S567.324/L819] | 在馆 | |
| 5 | 1504915 | 215049150 | 自科库401/401自科库 67排6列1层/ [索取号:S567.324/L819] | 在馆 |